LDR 00482naa#a2200157#i#450# 001 EN\INFRA-M\bibl\14604 005 20260427045846.1 100 ## _a20250114b2025####ek#y0engy0150####ca 102 ## _aRU 200 1# _aEND-TO-END DIGITAL SERVICES IN THE TRANSPORT INDUSTRY _eConference article/thesis 210 1# _aMoscow _cINFRA-M Academic Publishing LLC. _d2025 215 ## _a4 с. 608 ## _aConference article/thesis _2local 700 #1 _aDmitrieva _gT. M. 700 #1 _aDemidov _gA. V. 856 4# _azh-szf.ru _u